| 000 | 00911cam a2200277 a 4500 | ||
|---|---|---|---|
| 999 |
_c523623 _d523623 |
||
| 001 | 3697201 | ||
| 003 | NUST | ||
| 005 | 20190516074516.0 | ||
| 008 | 820618m19781983ii ab b 001 0 eng | ||
| 010 | _a 78908990 | ||
| 038 | _awaseem | ||
| 040 |
_aDLC _cDLC _dDLC |
||
| 043 | _aa-ii--- | ||
| 050 | 0 | 0 |
_aBP188.8.I4 _bR59 1978 |
| 082 | 0 | 0 |
_a297/.4/0954 _219 |
| 100 | 1 |
_aRizvi, Saiyid Athar Abbas, _d1921- _914364 |
|
| 245 | 1 | 2 |
_aA history of Sufism in India / _cby Saiyid Athar Abbas Rizvi. |
| 260 |
_aLahore : _bSuhail Academy, _c2004. |
||
| 300 |
_a2 v. : _bill., maps ; _c24 cm. |
||
| 500 | _aHardcover. | ||
| 504 | _aIncludes bibliographies and indexes. | ||
| 505 | 0 | _av. 1. Early Sufism and its history in India to 1600 A.D. -- v. 2. From sixteenth century to modern century. | |
| 650 | 0 |
_aSufism _zIndia _xHistory. _914365 |
|
| 906 |
_a7 _bcbc _corignew _d4 _encip _f19 _gy-gencatlg |
||
| 942 |
_2ddc _cBK |
||